| 000 | 00434nam a22001697a 4500 | ||
|---|---|---|---|
| 003 | CEME | ||
| 005 | 20210628202047.0 | ||
| 008 | 210107b xxu||||| |||| 00| 0 eng d | ||
| 020 | _a9789699535047 | ||
| 040 | _c. | ||
| 082 | _a294.30954 SAF | ||
| 100 |
_aDr Safdar Ali Shah, Syed Javaid A. Kazi _92119 |
||
| 245 | _aThe buddhist heritage of pakistan | ||
| 260 |
_aLAHORE _bTOPICAL _c2014 |
||
| 300 | _aVII, 130P | ||
| 942 |
_cBK _2ddc |
||
| 999 |
_c568317 _d568317 |
||